| 000 | 00577nam a2200241 a 4500 | ||
|---|---|---|---|
| 001 | nice12345678 | ||
| 003 | IN_TiNIC | ||
| 005 | 20260116011836.0 | ||
| 008 | 050524s1968 alla grp 000 0 urd | ||
| 020 |
_a _c2 |
||
| 082 | 0 | 0 |
_a891.41 _bNAS3 |
| 100 | _aNaseem, Daya Shankar | ||
| 245 | _aMasnavi Gulzar-E-Naseem | ||
| 260 |
_aAllahabad _bRam Narain Lal _c1968 |
||
| 300 | _a182p | ||
| 500 | _aincludes index and biblioraphy | ||
| 505 | 2 | _aappendix | |
| 650 | _aUrdu-Poetry | ||
| 700 | 1 | _aNaseem, Daya Shankar | |
| 902 | _bSRS | ||
| 942 | _cBK | ||
| 999 |
_c4372 _d4372 |
||